[Event "EU-ch 9th"]
[Site "Plovdiv"]
[Date "2008.04.23"]
[Round "3"]
[White "Kritz, Leonid"]
[Black "Jianu, Vlad Cristian"]
[Result "1/2-1/2"]
[WhiteElo "2609"]
[BlackElo "2531"]
[Annotator "Kritz,L"]
[PlyCount "101"]
[EventDate "2008.04.21"]
[EventType "swiss"]
[EventRounds "11"]
[EventCountry "BUL"]
[SourceTitle "CBM 124"]
[Source "ChessBase"]
[SourceDate "2008.05.28"]
[SourceVersion "1"]
[SourceVersionDate "2008.05.28"]
[SourceQuality "1"]

1. e4 c5 2. Nf3 d6 3. d4 cxd4 4. Nxd4 Nf6 5. Nc3 g6 {Die früher sehr populäre
Drachenvariante hat in letzter Zeit viel von ihrer Popularität verloren.} 6.
Be3 Bg7 7. f3 {Will Weiß einen Eröffnungsvorteil bekommen, so muss er die
Hauptvarianten mit der langen Rochade spielen. Andere Fortsetzungen führen zu
interessanten, aber eher unklaren Stellungen mit gleichen Chancen.} (7. Be2 O-O
8. O-O Nc6 9. Nb3 Be6 10. f4 Rc8 $132) (7. Bc4 O-O 8. h3 Nc6 9. Bb3 Bd7 10. O-O
Rc8 $132) 7... O-O 8. Qd2 Nc6 9. Bc4 (9. O-O-O $5 {verdient ebenfalls
Aufmerksamkeit.} d5 (9... Nxd4 10. Bxd4 Be6 11. Kb1 Qc7 (11... Qa5 12. Nd5 Qxd2
13. Nxe7+ Kh8 14. Rxd2 Rfe8 15. Bxf6 $1 (15. Nd5 Nxd5 16. Bxg7+ Kxg7 17. exd5
Bxd5 18. Bb5 Re5 $11) 15... Bxf6 16. Nd5 $16) 12. h4 Rfc8 13. g4 Qa5 14. a3 $1
$14 {Der weißer Angriff am Königsflügel kommt schneller als der schwarze am
Damenflügel.}) 10. exd5 Nxd5 11. Nxc6 bxc6 12. Bd4 $1 (12. Nxd5 {Das Annehmen
des Bauernopfers gilt als gut für Schwarz.} cxd5 13. Qxd5 Qc7 14. Qc5 (14. Qxa8
Bf5 15. Qxf8+ Kxf8 16. Rd2 h5 $132) 14... Qb7 15. Qa3 Bf5 16. Bd3 Rab8 17. b3
Rfc8 $44 {Man sieht sofort, dass Schwarz zumindest über genügende Kompensation
verfügt.}) 12... e5 13. Bc5 Be6 $1 14. Ne4 (14. Bxf8 Qxf8 15. Nxd5 cxd5 $44)
14... Re8 15. h4 h6 16. g4 $14 {Ich denke aufgrund der besseren Bauernstruktur
hat Weiß hier einen kleinen, aber stabilen Vorteil.}) 9... Bd7 10. O-O-O Rb8 $5
{Eine seltene Variante. Viel populärer ist 10....Rc8 oder 10....Qa5} (10... Rc8
11. Bb3 Ne5 (11... Nxd4 12. Bxd4 b5 13. a3 a5 {wurde populär dank der Arbeit
der azerbaidschanischer Schachspieler. Ich glaube die besten Chancen hat Weiß
nach} 14. e5 dxe5 15. Bxe5 Bc6 16. Qe3 $1 Qe8 (16... Nd7 17. Bxg7 Kxg7 18. h4
$40) 17. Kb1 Rd8 18. Qb6 Nd7 19. Qxc6 Nxe5 (19... Bxe5 20. Nxb5 Nf6 21. Qxe8
Rfxe8 22. Rxd8 Rxd8 $16) 20. Qxe8 Rfxe8 21. Nxb5 $16) 12. g4 Nc4 13. Bxc4 Rxc4
14. Kb1 $1 $14 {Wie die Statistik zeigt, gewinnt Weiß ca. 80% (!!) der Partien
in dieser Stellung - kein Wunder, dass es immer weniger Anhänger davon gibt.})
(10... Qa5 11. Bb3 Rfc8 12. Kb1 Ne5 13. h4 Nc4 14. Bxc4 Rxc4 15. Nb3 $14 {
Was immer Schwarz demnächst unternimmt, Weiß hat großen Zeitvorsprung mit
seinem Angriff.}) 11. Bb3 Na5 12. Bh6 (12. Kb1 b5 13. h4 Nc4 14. Bxc4 bxc4 15.
Ka1 Qb6 $15 {Schwarz übernimmt rasch die Initiative.}) (12. h4 {In dieser
Variante hat V. Jianu bereits eine sehr starke Idee gezeigt:} b5 13. Bh6 Bxh6
14. Qxh6 e5 (14... b4 $2 15. Nd5 e5 16. Nf5 Nxb3+ 17. axb3 Bxf5 18. exf5 Nxd5
19. Rxd5 Qf6 {Kulaots - Ernst (Stockholm, 2008)} (19... gxf5 20. Rxd6 Rb6 21.
Rxb6 axb6 22. Rd1 $14) 20. h5 $1 Qxf5 21. hxg6 Qxg6 22. Rxd6 Qxh6+ 23. Rdxh6
$16) 15. Nde2 b4 16. Nd5 Nxb3+ 17. axb3 Nxd5 18. Rxd5 Rb6 19. h5 g5 $3 {
Ein sehr origineller Zug! Es sieht aus, als wenn Schwarz alles geben würde, in
Wirklichkeit ist die weiße Stellung nicht mal ein wenig besser!} 20. Rxd6 (20.
f4 Bg4 21. Nd4 gxf4 $17 {Burnoiu - Jianu (Bucharest, 2006)}) 20... f6 $1 {
Das ist die Idee des Ganzen - die weiße Dame kommt nicht mehr von h6 ins Spiel.
Zwar kann Schwarz sie nicht gewinnen, aber auch Weiß hat keine Möglichkeiten
zu progressieren.} 21. Rhd1 Rxd6 22. Rxd6 Qe7 23. Rd2 Be6 $132) 12... Bxh6 (
12... b5 13. Bxg7 Kxg7 14. g4 $1 (14. h4 {gilt als Hauptzug, doch Schwarz
scheint danach ok zu sein.} e5 15. Nde2 b4 16. Nd5 Nxb3+ 17. cxb3 (17. axb3
Nxd5 18. Qxd5 Be6 19. Qxd6 Qa5 20. Kb1 Rb6 21. Rd5 Bxd5 22. Qxe5+ Kg8 23. Qxd5
Rb5 $15) 17... Nxd5 18. Qxd5 Rb6 $132 {Sprenger - Reinderman (Netherlands,
2007)}) 14... b4 (14... e5 15. g5 $1 {Das ist der Punkt! Weiß sichert seinem
Springer das Feld d5.} Nh5 (15... exd4 16. Qxd4 Nxb3+ 17. axb3 Be6 18. Qxf6+
Qxf6 19. gxf6+ Kxf6 20. Rxd6 $16) 16. Nf5+ $3 Bxf5 (16... gxf5 17. Qxd6 Nxb3+
18. axb3 b4 19. Qh6+ Kh8 20. Nd5 $16) 17. exf5 gxf5 18. Qxd6 Qxd6 19. Rxd6 Nf4
20. Re1 $14) 15. Nd5 (15. g5 bxc3 16. gxf6+ Kh8 $1 17. Qxc3 e5 18. Ne2 Bb5 19.
Rhe1 Nxb3+ 20. axb3 Qxf6 $132) 15... Nxb3+ (15... e5 16. Nf5+ $1 Bxf5 (16...
gxf5 17. Qg5+ Kh8 18. Nxf6 Rg8 19. Qh6 Rg7 20. Rxd6 $18) 17. gxf5 Nxb3+ 18.
axb3 Qa5 19. Kb1 Nxd5 20. Qxd5 Qxd5 21. Rxd5 $14) 16. Nxb3 Nxd5 17. exd5 $14 {
Cheparinov - Banikas (Plovdiv, 2003) Weiß hat sehr gute Perspektiven am
Königsflügel.}) 13. Qxh6 b5 14. g4 (14. h4 {->12.h4}) 14... b4 15. Nd5 Nxb3+
16. Nxb3 Nxd5 17. exd5 Ba4 {Diese Stellung kam einmal vor - in der Partie
Katov - Jianu (Predeal, 2006).} 18. Nd4 $1 $146 {Dieser Zug ist eine Neuerung,
die ich vor der Partie gefunden habe. Weiß behält seine ursprüngliche
Bauernstruktur um dem König und verteidigt gleichzeitig das Feld c2. Demnächst
will er h4-h5 spielen.} ({In der o.g. Partie folgte} 18. h4 Bxb3 19. axb3 Qa5
20. h5 Qa1+ 21. Kd2 Qxb2 22. hxg6 Qc3+ 23. Kc1 Qa1+ 24. Kd2 Qc3+ {und Remis})
18... Qa5 {Mein Gegner reagierte sofort, was mir natürlich wenig gefiel - es
schien so, als ob er 18.Nd4 analysiert hatte.} ({Auch nach} 18... Rc8 19. h4 {
hat Weiß in allen Varianten großen Vorteil.} e5 (19... Kh8 20. Rd2 $1 (20. h5
g5 21. Qxg5 e5 $1 22. Qxd8 Rfxd8 23. Nb3 Rc4 $44) 20... Rg8 21. h5 Qf8 22. Qe3
g5 {Sonst folgt hg-Rdh2} 23. Nf5 $18) 20. dxe6 fxe6 21. Nxe6 Qf6 (21... Rxc2+
22. Kb1 Qf6 (22... Rxb2+ 23. Kxb2 Qf6+ 24. Nd4 Bxd1 25. Rxd1 $18) 23. Qxf8+
Qxf8 24. Nxf8 Kxf8 25. b3 $18) (21... Qe7 22. Nd4 Rxf3 23. Nxf3 Qe2 (23...
Rxc2+ 24. Kb1 Qe2 25. Rd2 Qxf3 26. Re1 $18) (23... Bxc2 24. Kd2 $1 Bxd1 25.
Rxd1 Qf6 26. Ke2 Qxb2+ 27. Rd2 $16) 24. Rd2 Qxf3 25. Re1 b3 26. axb3 Qxb3 27.
Kb1 Rxc2 28. Rxc2 Qxc2+ 29. Ka1 Bb5 30. Qf4 $16) 22. Nd4 Rc4 23. Qe3 Rfc8 24.
Rd2 $16) 19. h4 Rfc8 $2 {Folgte ebenfalls blitzschnell, führt allerdings zum
direkten Verlust. Bei der Vorbereitung ist mir dieser Zug komischerweise aus
dem Blickwinkel gelaufen, so dass ich seine Widerlegung am Brett finden musste.
} (19... f6 {Ist die beste Verteidigung für Schwarz.} 20. h5 g5 21. f4 Bxc2 $3
{Solch einen Zug am Brett zu finden ist gar nicht so einfach.} (21... Rbc8 22.
Kb1 Qxd5 (22... gxf4 23. Rhg1 Kh8 24. g5 fxg5 25. Rxg5 Rf7 (25... Rg8 26. b3
Bd7 27. Rdg1 $18) 26. Qe6 Rff8 (26... Rcf8 27. Rdg1 $18) 27. b3 $18) 23. b3 Bd7
24. Nf5 Qf7 25. fxg5 Bxf5 (25... fxg5 26. Qxg5+ Kh8 27. Nxe7 Rce8 28. Ng6+ $18)
26. gxf5 fxg5 27. Qxg5+ Kh8 28. h6 Qf6 29. Qg4 $14 {Weiß steht besser, weil
die Lage des schwarzen Königs wesentlich geschwächt ist.}) (21... Qxd5 22. Nf5
Qf7 23. fxg5 e6 (23... fxg5 24. Rhe1 Qf6 25. Rxe7 $18) 24. Nxd6 Qg7 25. Qxg7+
Kxg7 26. Rhe1 $18) 22. Kxc2 (22. Nxc2 Rfc8 23. Kb1 (23. fxg5 b3 24. axb3 Qa1+
25. Kd2 Qxb2 26. Rc1 Rxb3 $19) 23... b3 24. axb3 Rxb3 25. Rh2 (25. fxg5 Qc3 $19
) 25... Rcb8 26. Nd4 Ra3 $19) 22... Qxa2 (22... b3+ 23. axb3 Rfc8+ 24. Kb1 Rb6
25. Nf5 $18) 23. fxg5 Rfc8+ 24. Kd3 Qxb2 25. Rd2 Qc3+ (25... Rc3+ 26. Ke2 $18)
26. Ke2 Qg3 27. Qg7+ $3 {Das ist der Trick, der Weiß hilft, einen kleinen
Vorteil im Endspiel zu bekommen.} Kxg7 28. Nf5+ Kh8 29. Nxg3 fxg5 30. Nf5 a5
31. Rb1 $14 {Der weiße Vorteil ist nicht sehr groß, da Schwarz ein
gefährliches Bauernpaar am Damenflügel besitzt, aber trotzdem spürbar, weil
der schwarze König nicht am Spiel teilnimmt.}) (19... Qxd5 20. h5 Qe5 (20... g5
21. Nf5 Qe5 22. Rhe1 $18) (20... f6 21. hxg6 Qg5+ 22. Qxg5 fxg5 23. Rxh7 $18)
21. hxg6 Qg7 22. gxh7+ Kh8 23. Qxg7+ Kxg7 24. Nf5+ Kh8 25. Nxe7 $18) 20. Kb1 $1
{Wie mein Gegner nach der Partie gesagt hat, habe er alle anderen Züge
analysiert, nur diesen nicht. Und gerade 20.Kb1 ist der Zug, der für Schwarz
zur Katastrophe führt.} Qxd5 {Alle Kombinationen mit verschiedenen Opfern
erreichen ihr Ziel nicht.} (20... Rxc2 21. Nxc2 b3 (21... Bxc2+ 22. Kxc2 {
->20....Bxc2}) 22. Nd4 $1 (22. axb3 Bxb3 23. Rh2 Qa2+ 24. Kc1 Rc8 25. Qe3 Qa1+
26. Kd2 Qxb2 27. Ke1 Bxc2 28. Rc1 Rc3 29. Qd2 Rxf3 30. Qxc2 (30. Rxc2 Qe5+ 31.
Re2 Qg3+ 32. Kd1 Rd3 $19) 30... Qe5+ 31. Re2 Qg3+ 32. Kd2 Qf4+ 33. Kd1 Qd4+ 34.
Ke1 Qg1+ (34... Rg3 $5) 35. Kd2 Qd4+ $11 {zumindest hat Schwarz Dauerschach,
vielleicht verspricht ihm jedoch 34....Rg3 mehr}) 22... bxa2+ 23. Ka1 Bxd1 24.
Nc6 Qa4 25. Nxe7+ (25. Nxb8 $4 Qc2 26. Rxd1 Qxd1+ 27. Kxa2 Qxd5+ 28. Kb1 Qb3
$19) 25... Kh8 26. Qd2 $1 $18 {Schwarz hat keine Verteidigung gegen 27.Rxd1
oder 27.Qc3}) (20... Bxc2+ 21. Nxc2 b3 (21... Rxc2 22. Kxc2 Qxa2 23. Rd2 Rc8+ (
23... Qc4+ 24. Kd1 Rb5 25. Qe3 Ra5 26. Rd4 Ra1+ 27. Kd2 Qa2 28. Rxa1 Qxb2+ 29.
Ke1 Qxa1+ 30. Rd1 $18) (23... b3+ 24. Kd3 Qa6+ 25. Ke3 $18) 24. Kd3 Qxd5+ (
24... Qc4+ 25. Ke3 Qc5+ 26. Ke2 $18) (24... Qb3+ 25. Ke2 Rc5 26. Qe3 $18) 25.
Ke2 Qe5+ 26. Kf2 $18) 22. axb3 Rxb3 (22... Rb6 23. Rd3 Ra6 24. Na3 $18) 23. Qd2
Qxd2 (23... Rxb2+ 24. Kxb2 Rb8+ 25. Kc1 $18) (23... Qb6 24. Nd4 $18) 24. Rxd2
Rxf3 25. g5 $16) 21. b3 $1 {Das Einfachste, um dem Gegner keine taktischen
Chancen mehr zu geben.} Bd7 (21... Qe5 22. bxa4 $18 {Diese Stellung ist klar
verloren - die Schwächung des weißen Königs kann Schwarz nicht ausnutzen, ihm
fehlen die Leichtfiguren dafür.}) (21... Be8 22. Nf5 Qe5 23. Rhe1 gxf5 24. Rxe5
dxe5 25. gxf5 $18) 22. h5 $4 {Ein sehr dummer Fehler, der die ganze Partie
wegschmeißt... Es gewann 22.Rhe1!!} (22. Rhe1 $3 {Es ist sehr wichtig, der
schwarzen Dame, das Feld e5 zu nehmen, um die tödliche Drohung Nf5
aufzustellen.} Qc5 (22... Re8 23. Nf5 Qxd1+ 24. Rxd1 gxf5 25. gxf5 Bxf5 (25...
Kh8 26. f6 Rg8 (26... exf6 27. Rg1 $18) 27. fxe7 Rg6 28. Qf8+ Rg8 29. Qxf7 $18)
26. Qg5+ Bg6 27. h5 $18) (22... Qa5 23. Rxe7 Qd8 24. Rde1 Rc7 25. h5 Qf8 26.
Qf4 Re8 27. Qxd6 $18) 23. Rxe7 Be8 24. Rd2 {/\Ne6} Qc3 (24... Rc7 25. Ne6 Qg1+
26. Kb2 $18) 25. Re3 Qxd2 26. Rxe8+ Rxe8 27. Qxd2 $18) (22. Nf5 {wäre zur Not
auch besser gewesen.} Qe5 (22... Qxd1+ 23. Rxd1 gxf5 24. gxf5 Bxf5 (24... Kh8
25. f6 Rg8 26. fxe7 $18) 25. Rg1+ Bg6 26. h5 $18) (22... Bxf5 23. Rxd5 Bxc2+
24. Kb2 $18) 23. Rhe1 Bxf5 (23... Qc3 24. Nxe7+ Kh8 25. Nxc8 Rxc8 26. Qd2 Qxf3
27. Qxb4 $18) 24. Rxe5 Bxc2+ 25. Kb2 Bxd1 (25... dxe5 26. Rd2 $18) 26. Rxe7
Rc2+ 27. Kb1 Re2 28. Rc7 $16) 22... Qe5 $1 {Diesen Zug habe ich zwar gesehen,
doch bei der Berechnung ist mir eine ganz einfache Sache entgangen, nämlich,
dass nach 23.hxg6 Schwarz 23...hxg6 nehmen kann und das Feld h8 durch die Dame
gedeckt ist...} (22... g5 23. Rhe1 $18) 23. Rhe1 ({Ursprünglich geplant war} 
23. hxg6 hxg6 (23... Qg7 24. Qxh7+ Qxh7 25. Rxh7 e5 26. Nf5 $18) 24. Qh7+ Kf8 {
und leider gibt es hier keinen Vorteil mehr.}) 23... Qg7 24. Qxg7+ Kxg7 25.
Rxe7 Rd8 26. hxg6 (26. h6+ Kf6 $13 {Der Bauer h6 kann Angriffsziel des
schwarzen Königs werden.}) 26... hxg6 {Das Endspiel ist nicht besser für Weiß.
Es sieht so aus, dass der Bauer d6 schwach ist und angegriffen werden kann,
doch Weiß hat einfach keine Zeit dafür. Die weißen Bauern des Königsflügels
sind auch schwach und Schwarz schafft es immer, Gegenspiel zu bekommen.} 27. g5
(27. Rde1 Re8 $1 28. Ne6+ (28. Rxe8 Rxe8 29. Rxe8 Bxe8 30. g5 (30. Kc1 Kf6 $11)
30... f6 31. f4 d5 32. Kb2 Kf7 33. c3 bxc3+ 34. Kxc3 fxg5 35. fxg5 Ke7 $11)
28... Bxe6 29. R1xe6 Rxe7 30. Rxe7 a5 31. Rd7 Rb6 $11) 27... Rbc8 28. f4 Rc5
29. Kb2 Kf8 30. Re3 (30. Rde1 Re8 31. Rxe8+ Bxe8 32. a3 a5 33. axb4 axb4 34.
Ra1 Rd5 $11) 30... Re8 {Der Rest ist mehr oder weniger ein Hinundhergeschiebe,
das am Ende Remis endete.} 31. Rde1 Rec8 32. Rh1 Kg7 33. Rh2 a5 34. a3 Rd5 35.
Rd2 Rh8 36. axb4 axb4 37. Re7 Bh3 38. Nf3 Rxd2 39. Nxd2 Bf5 40. Nf3 Rh1 41. Re1
Rh3 42. Nd4 Rh4 43. Rf1 Bd7 44. Kc1 f6 45. gxf6+ Kxf6 46. Kd2 d5 47. Ke3 Rh3+
48. Rf3 Rh2 49. Rf2 Rh3+ 50. Kd2 Bf5 51. Re2 1/2-1/2

[Event "Tata Steel-A 74th"]
[Site "Wijk aan Zee"]
[Date "2012.01.17"]
[Round "4"]
[White "Giri, Anish"]
[Black "Nakamura, Hikaru"]
[Result "1/2-1/2"]
[WhiteElo "2714"]
[BlackElo "2759"]
[Annotator "Kritz,L"]
[PlyCount "36"]
[EventDate "2012.01.14"]
[EventType "tourn"]
[EventRounds "13"]
[EventCountry "NED"]
[EventCategory "21"]
[SourceTitle "CBM 147"]
[Source "ChessBase"]
[SourceDate "2012.03.16"]
[SourceVersion "1"]
[SourceVersionDate "2012.03.16"]
[SourceQuality "1"]

1. e4 c5 2. Nf3 d6 3. d4 cxd4 4. Nxd4 Nf6 5. Nc3 g6 {Die Drachenvariante kommt
heute wieder öfter in der Praxis vor.} 6. Be3 {Weiß wählt die Hauptvariante,
was eindeutig richtig ist.} (6. g3 Bg7 7. Bg2 O-O 8. O-O Nc6 9. Nde2 Bd7 10. h3
Rc8 $132) (6. Be2 Bg7 7. O-O Nc6 8. Nb3 O-O 9. Bg5 Be6 $132) 6... Bg7 7. f3 Nc6
8. Qd2 O-O 9. Bc4 {Wieder die Hauptvariante. Hier gibt es jedoch auch eine
gute Alternative für Weiß, nämlich 9.0-0-0:} (9. O-O-O $5 d5 $1 {Schwarz muss
den Bauer opfern, in anderen Varianten steht er schlechter.} (9... Nxd4 10.
Bxd4 Be6 11. Kb1 Qc7 {Schwarz muss Zeit verlieren.} (11... Qa5 12. Nd5 Qxd2 13.
Nxe7+ Kh8 14. Rxd2 Rfe8 15. Bxf6 Bxf6 16. Nd5 $16) 12. h4 Rfc8 13. g4 Qa5 14.
Qg5 $1 $14) 10. exd5 Nxd5 11. Nxc6 bxc6 12. Bd4 $1 {Weiss sollte den Opfer
nicht annehmen.} (12. Nxd5 cxd5 13. Qxd5 Qc7 14. Qc5 (14. Qxa8 Bf5 15. Qxf8+
Kxf8 $36) 14... Qb7 15. Qa3 Bf5 $44) 12... e5 13. Bc5 Be6 14. Ne4 $1 {Wieder
soll Weiß nicht nach Material streben.} (14. Bxf8 Qxf8 15. Nxd5 cxd5 $44) 14...
Re8 15. h4 $14 {Die weiße Stellung ist strategisch besser.}) 9... Nxd4 (9...
Bd7 {Das ist der Hauptzug.} 10. O-O-O Rc8 11. Bb3 {und in dieser Stellung gibt
es viele Varianten für Schwarz:} Ne5 (11... Nxd4 $5 12. Bxd4 b5 13. a3 a5 14.
Nd5 Nxd5 15. Bxg7 Kxg7 16. exd5 b4 $1 $132) (11... Na5 12. Kb1 Nxb3 13. cxb3
$14) 12. Kb1 Nc4 13. Bxc4 Rxc4 14. g4 $36) 10. Bxd4 Be6 $5 {Die Idee von
Schwarz ist, dass nach dem Nehmen auf e6 das Feld d5 unter Kontrolle genommen
wird.} 11. Bb3 (11. Bxe6 fxe6 12. O-O-O Qa5 13. Kb1 Rac8 14. h4 Rc4 $132 {
Calzetta - Andersson (Villarrobledo, 1998)}) 11... Qa5 (11... Rc8 12. O-O-O
Bxb3 13. cxb3 Rc6 14. Kb1 Qd7 15. g4 Rfc8 16. h4 $40 {Svidler - Pigusov (Mainz,
2002)}) 12. O-O-O {Die Alternative 12.0-0 sieht nicht logisch aus.} (12. O-O
Rfc8 13. Rad1 Bc4 14. Rfe1 Rc6 $11 {Blehm - Markowski (Warsaw, 2001)}) 12...
Rfc8 (12... b5 13. Kb1 b4 14. Nd5 Bxd5 15. exd5 Qb5 16. Rhe1 a5 17. Qe2 Qxe2
18. Rxe2 a4 19. Bc4 $14 {Areshchenko - Zvjaginsev (Sochi, 2005)}) 13. Kb1 b5 (
13... Bxb3 14. cxb3 Rc6 15. h4 h5 16. a3 Rac8 17. b4 Qd8 18. g4 $40 {Antonio -
Gomez (Makati, 2002)}) 14. Bxf6 $6 {Das führt wohl sofort zu einem remislichen
Endspiel. Der Zug Rhe1 sieht besser aus.} (14. Rhe1 Bxb3 (14... b4 15. Nd5 Bxd5
16. exd5 $14) 15. cxb3 b4 16. Bxf6 bxc3 (16... Bxf6 17. Nd5 $16) 17. Bxc3 Bxc3
18. bxc3 Rxc3 19. Re3 Rac8 20. Rxc3 Rxc3 21. Kb2 Rc5 22. Qxa5 Rxa5 $14 {
Golubev - Zazuliak (Mukachevo, 2009). Und Weiß hat Vorteil dank dem entfernten
Freibauern auf dem Damenflügel und dem aktiveren König.}) 14... Bxf6 15. Nd5
Qxd2 16. Nxf6+ {Es wäre alles gut, wenn Schwarz nun nehmen müsste, jedoch...}
Kg7 $1 {und der weiße Vorteil ist weg.} 17. Nh5+ (17. Rxd2 Kxf6 $11) 17... gxh5
18. Rxd2 Rc5 $11 {Man könnte sicherlich das Endspiel weiterspielen, aber die
Stellung von Weiß ist auf keinen Fall besser.} 1/2-1/2